000 00467nam a2200181Ia 4500
001 23067
005 20260414150912.0
008 260414t2009||||xx |||||||||||||| ||spa||
041 _aESP
082 _a624.1833
_bI59C
110 _aInstituto Mexicano del Cemento y del Concreto, A.C.
245 0 _aManual de construcción de suelo-cemento
_b
260 _c2009
300 _a59 páginas :
_c28 cm.
650 _a0
654 _aCIC
942 _cLIB
_dJUS
_fJUS
_2ddc
_n
999 _c23067
_d23067